000 00535nam a22001817a 4500
003 NUST - PNEC
005 20170116180831.0
008 150731b xxu||||| |||| 00| 0 eng d
020 _a0070109389
020 _a0071158952
040 _cLIBRARY
082 _a519.402 CHA
100 _94658
_aChapra, Steven C.
245 _aNumerical methods for engineers : with programming and software applications
_cSteven C. Chapra
250 _a3rd ed
650 _94659
_aNumerical calculations--Data processing
_xME / MIS
942 _2ddc
_cBK
999 _c64037
_d64037